[Event "Penang op-A 9th"]
[Site "Penang"]
[Date "2017.12.05"]
[Round "2"]
[White "Chuah, Hao Min"]
[Black "Chow, Kit Meng Jordan Max"]
[Result "0-1"]
[WhiteElo "1716"]
[BlackElo "1960"]
[PlyCount "37"]
[EventDate "2017.12.04"]
[EventType "swiss"]
[EventRounds "9"]
[EventCountry "MAS"]
[SourceTitle "CBM 182 Extra"]
[Source "ChessBase"]
[SourceDate "2018.02.23"]
[SourceVersion "1"]
[SourceVersionDate "2018.02.23"]
[SourceQuality "1"]

1. e4 e6 2. Qe2 c5 3. g3 Nc6 4. c3 g6 5. Bg2 Bg7 6. f4 Nge7 7. Nf3 0-0 8. 0-0 d5 9. d3 Rb8 10. e5 b5 11. d4 b4 12. Rd1 Qa5 13. dxc5 Ba6 14. Qf2 Rfe8 15. g4 bxc3 16. Nxc3 Nb4 17. Bf1 Bxf1 18. Kxf1 Qxc5 19. Be3 0-1

[Event "Penang op 8th"]
[Site "Penang"]
[Date "2016.12.09"]
[Round "8"]
[White "Chuah, Hao Min"]
[Black "Muzzafar, Ahmad"]
[Result "0-1"]
[WhiteElo "1751"]
[BlackElo "2122"]
[PlyCount "70"]
[EventDate "2016.12.05"]
[EventType "swiss"]
[EventRounds "9"]
[EventCountry "MAS"]
[SourceTitle "CBM 176 Extra"]
[Source "ChessBase"]
[SourceDate "2017.03.02"]
[SourceVersion "1"]
[SourceVersionDate "2017.03.02"]
[SourceQuality "1"]

1. e4 c5 2. Nf3 d6 3. d4 cxd4 4. Nxd4 Nf6 5. Nc3 a6 6. Be2 e5 7. Nf3 Be7 8. 0-0 0-0 9. Re1 b5 10. Bf1 Bb7 11. a3 Nbd7 12. Bg5 Rc8 13. Bxf6 Nxf6 14. Bd3 g6 15. Qd2 Nh5 16. Rad1 Nf4 17. Bf1 g5 18. g3 Ne6 19. h3 f5 20. Bg2 Rxc3 21. Qxc3 fxe4 22. Nd2 Qb6 23. Qe3 Qc7 24. Qb3 d5 25. c3 Nc5 26. Qc2 Nd3 27. Rf1 Bc5 28. Kh2 Nxf2 29. Rb1 Qc6 30. Nb3 Bb6 31. Qe2 Qh6 32. Nd2 Bc8 33. Nxe4 dxe4 34. Rxf2 Rxf2 35. Qxe4 Qxh3+ 0-1

[Event "Penang op 8th"]
[Site "Penang"]
[Date "2016.12.08"]
[Round "6"]
[White "Chuah, Hao Min"]
[Black "Jagadeesh, Balakrishnan"]
[Result "1/2-1/2"]
[WhiteElo "1751"]
[BlackElo "1411"]
[PlyCount "62"]
[EventDate "2016.12.05"]
[EventType "swiss"]
[EventRounds "9"]
[EventCountry "MAS"]
[SourceTitle "CBM 176 Extra"]
[Source "ChessBase"]
[SourceDate "2017.03.02"]
[SourceVersion "1"]
[SourceVersionDate "2017.03.02"]
[SourceQuality "1"]

1. e4 b6 2. d4 Bb7 3. Bd3 Nf6 4. Qe2 e6 5. Nf3 c5 6. c3 Be7 7. 0-0 0-0 8. Re1 Nc6 9. e5 Ne8 10. dxc5 bxc5 11. Qe4 f5 12. Qe2 Nc7 13. Na3 a5 14. Bd2 Ba6 15. Rad1 Bxd3 16. Qxd3 Nd5 17. Bc1 Qb8 18. Nc4 Qb5 19. Ne3 Qxd3 20. Rxd3 Nb6 21. Nc2 h6 22. h4 Rab8 23. Na3 c4 24. Rdd1 Bxa3 25. bxa3 Nd5 26. Rd2 Nxc3 27. Rc2 Nd5 28. Rxc4 Rb5 29. Rc2 Rb1 30. Nd2 Rb5 31. a4 Rb7 1/2-1/2

[Event "Penang op 6th"]
[Site "Penang"]
[Date "2014.12.11"]
[Round "6"]
[White "Lee, Kah Teng Benjamin"]
[Black "Chuah, Hao Min"]
[Result "1/2-1/2"]
[WhiteElo "1579"]
[BlackElo "1823"]
[PlyCount "84"]
[EventDate "2014.12.08"]
[EventType "swiss"]
[EventRounds "9"]
[EventCountry "MAS"]
[SourceTitle "CBM 163 Extra"]
[Source "ChessBase"]
[SourceDate "2014.12.23"]
[SourceVersion "1"]
[SourceVersionDate "2014.12.23"]
[SourceQuality "1"]

1. e4 c5 2. Nf3 Nc6 3. g3 g6 4. Bg2 Bg7 5. 0-0 Nf6 6. d3 d6 7. Re1 0-0 8. c3 Bg4 9. Nbd2 Rc8 10. Nf1 Ne5 11. N1d2 Nxd3 12. Re3 c4 13. h3 Bxf3 14. Bxf3 b5 15. Be2 Nc5 16. Bf1 e5 17. f3 d5 18. Qc2 Nh5 19. g4 Nf4 20. exd5 Nxd5 21. Re2 Nf4 22. Rh2 Qh4 23. Ne4 Ncd3 24. Bxf4 Nxf4 25. Rd1 Rfd8 26. Rxd8+ Rxd8 27. a4 f5 28. gxf5 gxf5 29. Nc5 Qg3+ 30. Bg2 Nxg2 31. Rxg2 Qxf3 32. Rxg7+ Kxg7 33. Ne6+ Kf6 34. Nxd8 Ke7 35. Qd2 Qg3+ 36. Kh1 Qxh3+ 37. Kg1 Qd3 38. Qg5+ Kd7 39. Nf7 Qd1+ 40. Kf2 Qc2+ 41. Kg3 Qd3+ 42. Kf2 Qc2+ 1/2-1/2

[Event "Penang op 6th"]
[Site "Penang"]
[Date "2014.12.10"]
[Round "5"]
[White "Chuah, Hao Min"]
[Black "Ooi, Yen Hoe"]
[Result "1/2-1/2"]
[WhiteElo "1823"]
[BlackElo "1663"]
[PlyCount "86"]
[EventDate "2014.12.08"]
[EventType "swiss"]
[EventRounds "9"]
[EventCountry "MAS"]
[SourceTitle "CBM 163 Extra"]
[Source "ChessBase"]
[SourceDate "2014.12.23"]
[SourceVersion "1"]
[SourceVersionDate "2014.12.23"]
[SourceQuality "1"]

1. e4 c5 2. Nf3 e6 3. d4 cxd4 4. Nxd4 Nc6 5. Nc3 a6 6. Be2 Nf6 7. 0-0 Qc7 8. Be3 Be7 9. f4 d6 10. Nb3 b5 11. a3 0-0 12. g4 Bb7 13. g5 Nd7 14. Qe1 f6 15. h4 Kh8 16. h5 fxg5 17. fxg5 Nce5 18. Rxf8+ Rxf8 19. Nd4 Nc5 20. b4 Nxe4 21. Nxe4 Bxe4 22. Nxe6 Qc8 23. Nxf8 Bf3 24. Kf2 Qxf8 25. Kg3 Qf5 26. Qd2 Qg4+ 27. Kf2 Qh4+ 28. Kf1 Qh1+ 29. Bg1 Qg2+ 30. Ke1 Qxg1+ 31. Bf1 Qg3+ 32. Qf2 Qxf2+ 33. Kxf2 Bxh5 34. a4 g6 35. axb5 axb5 36. Ra8+ Kg7 37. Ra7 Kf7 38. Bxb5 Ke6 39. Be8 Bxg5 40. Rxh7 Ng4+ 41. Kg3 Nf6 42. Rh8 Nxe8 43. Rxe8+ Kd7 1/2-1/2

[Event "Penang op 6th"]
[Site "Penang"]
[Date "2014.12.09"]
[Round "2"]
[White "Loo, Swee Leong"]
[Black "Chuah, Hao Min"]
[Result "1/2-1/2"]
[WhiteElo "2119"]
[BlackElo "1823"]
[PlyCount "74"]
[EventDate "2014.12.08"]
[EventType "swiss"]
[EventRounds "9"]
[EventCountry "MAS"]
[SourceTitle "CBM 163 Extra"]
[Source "ChessBase"]
[SourceDate "2014.12.23"]
[SourceVersion "1"]
[SourceVersionDate "2014.12.23"]
[SourceQuality "1"]

1. d4 Nf6 2. Nf3 g6 3. Bg5 Ne4 4. Bf4 Bg7 5. Nbd2 d5 6. e3 0-0 7. Nxe4 dxe4 8. Ng5 Qd5 9. c4 Qa5+ 10. Qd2 Qxd2+ 11. Kxd2 c5 12. dxc5 Bxb2 13. Rb1 Ba3 14. Nxe4 Bf5 15. Bd3 Rd8 16. Ke2 Na6 17. f3 Rd7 18. c6 bxc6 19. g4 Rad8 20. Rhd1 Nb4 21. Rxb4 Bxe4 22. Rb3 Bxd3+ 23. Rbxd3 Rxd3 24. Rxd3 Rxd3 25. Kxd3 f6 26. e4 Bc5 27. Be3 Bxe3 28. Kxe3 e5 29. Kd3 Kf7 30. Kc3 Ke6 31. Kb4 Kd6 32. h4 h5 33. gxh5 gxh5 34. a3 Kd7 35. Kc5 Kc7 36. Kb4 a6 37. a4 Kb7 1/2-1/2